01389nam a2200301 a 4500001001200000003000800012006001900020007001500039008004100054010001700095020002800112040002100140035002100161050002300182082001200205100002900217245006500246260005800311300001600369504006400385505028800449533015200737650001100889655002900900710001700929856012600946999001501072ebr10271725CaPaEBRm u cr cn|||||||||040820s2005 enk sb 001 0 eng  z 2004019800 z0195168240 (alk. paper) aCaPaEBRcCaPaEBR a(OCoLC)64679077814aBC171b.B58 2005eb04a1212221 aBlackburn, Simon,d1944-10aTruthh[electronic resource] :ba guide /cSimon Blackburn. aOxford ;aNew York :bOxford University Press,c2005. axxi, 238 p. aIncludes bibliographical references (p. 223-234) and index.0 aFaith, belief, and reason -- Man the measure -- Ishmael's problem and the delights of keeping quiet -- Nietzsche : the arch debunker -- The possibility of philosophy -- Observation and truth : from Locke to Rorty -- Realism as science; realism about science -- Historians and others. aElectronic reproduction.bPalo Alto, Calif. :cebrary,d2013.nAvailable via World Wide Web.nAccess may be limited to ebrary affiliated libraries. 0aTruth. 7aElectronic books.2local2 aebrary, Inc.40uhttp://site.ebrary.com/lib/rucke/Doc?id=10271725zAn electronic book accessible through the World Wide Web; click to view c7575d7575